Erdély gasztrokultúrája

Bibliográfiai részletek
Szerző: Molnár Barbara
További közreműködők: Balog-Siposné Szőcze Anikó
Dokumentumtípus: Diplomadolgozat
Kulcsszavak:Erdély
Gasztrokultúra
Gasztronómia
Kultúra
Székely
Online Access:http://dolgozattar.uni-bge.hu/8469

MARC

LEADER 00000nta a2200000 i 4500
001 dolg8469
005 20170830101940.0
008 161209suuuu hu om 000 hun d
040 |a BGE Dolgozattár Repozitórium  |b hun 
041 |a hu 
100 1 |a Molnár Barbara 
245 1 0 |a Erdély gasztrokultúrája  |c Molnár Barbara  |h [elektronikus dokumentum] 
695 |a Erdély 
695 |a Gasztrokultúra 
695 |a Gasztronómia 
695 |a Kultúra  
695 |a Székely 
700 1 |a Balog-Siposné Szőcze Anikó  |e ths 
856 4 0 |u http://dolgozattar.uni-bge.hu/8469/1/MolnarBarbara_Szakdolgozat.pdf  |z Dokumentum-elérés